000 00711nam a2200265Ia 4500
005 20260306153450.0
008 008 260114s9999 xx 000 0 eng d
020 _a9780511695155
037 _aEBOOK
040 _aCRL
040 _beng
040 _cCRL
041 _2eng
041 _aeng
084 _qCRL
100 _aBopp/Wilson/Eastwick
245 2 _aA Comparative Grammar of the Sanscrit, Zend, Greek, Latin, Lithuanian, Gothic, German, and Sclavonic Languages Volume 2
250 _a1st ed
260 _bCambridge University Press
260 _c2010
650 _aLinguistics
856 _uhttps://doi.org/10.1017/CBO9780511695155
942 _cEBOOK
999 _c1703594
_d1703594